| 000 | 00479nam a2200181Ia 4500 | ||
|---|---|---|---|
| 008 | 130318s9999 xx 000 0 und d | ||
| 020 | _a817554161X | ||
| 082 | _a658.31125 TOL/H | ||
| 100 | _aTolley, Harry | ||
| 245 | _aHow to pass verbal reasoning tests | ||
| 260 |
_bKogan Page India Private Limited _aNew Delhi _c2005 |
||
| 300 | _a131 | ||
| 650 | _aINTERVIEW | ||
| 650 | _aJOB INTERVIEW | ||
| 650 | _aREASONING | ||
| 650 | _aVERBAL COMMUNICATION | ||
| 700 | _aThomas, Ken | ||
| 999 |
_c1154 _d1154 |
||